Escritos sobre lingüística general
Uloženo v:
| Hlavní autor: | |
|---|---|
| Médium: | Kniha |
| Jazyk: | španělština |
| Vydáno: |
Barcelona
Gedisa
2004
|
| Vydání: | 1a. ed |
| Edice: | Cladema. Lingüística
|
| Témata: | |
| Tagy: |
Přidat tag
Žádné tagy, Buďte první, kdo vytvoří štítek k tomuto záznamu!
|
MARC
| LEADER | 00000nam a2200000 a 4500 | ||
|---|---|---|---|
| 001 | UCK2161 | ||
| 003 | CL-VaPUC | ||
| 008 | 041223e20041100SP |||||||||||||||||spa|d | ||
| 020 | |a 8474329728 | ||
| 082 | 0 | 4 | |a 410 |b SAU |2 21 |
| 100 | 0 | |a Saussure, Ferdinand de |e author |9 350677 | |
| 245 | 1 | 0 | |a Escritos sobre lingüística general |
| 250 | |a 1a. ed | ||
| 300 | |a 306 p | ||
| 942 | |c BK | ||
| 945 | |d 20041223 00:00:00 |a vberengu | ||
| 260 | |a Barcelona |b Gedisa |c 2004 | ||
| 650 | 0 | |a Lingüística |9 265068 | |
| 650 | 0 | |a Semántica |9 265318 | |
| 583 | |a last modification |c 20160909 12:02:57 |k Rodrigo Vera | ||
| 490 | 0 | |a Cladema. Lingüística | |
| 999 | |c 311780 |d 311778 | ||
| 952 | |0 0 |1 0 |4 0 |6 410_000000000000000_SAU_2004 |7 0 |8 A |9 381423 |a FDOPOS |b FDOPOS |d 2019-11-21 |i 4089634 |o 410 SAU 2004 |p 4089634 |r 2025-01-22 |w 2019-11-21 |y BK |k MLA | ||
| 952 | |0 0 |1 0 |4 0 |6 410_000000000000000_SAU_2004 |7 0 |8 A |9 381424 |a FDOPOS |b FDOPOS |d 2019-11-21 |i 4089626 |o 410 SAU 2004 |p 4089626 |r 2025-01-22 |w 2019-11-21 |y BK |k MLA | ||
| 952 | |0 0 |1 0 |4 0 |6 410_000000000000000_SAU_2004 |7 0 |8 A |9 381425 |a FDOPOS |b FDOPOS |d 2019-11-21 |i 4114027 |o 410 SAU 2004 |p 4114027 |r 2025-01-22 |w 2019-11-21 |y BK |k MLA | ||
| 952 | |0 0 |1 0 |4 0 |6 410_000000000000000_SAU_2004 |7 0 |8 A |9 381426 |a BIBCUR |b BIBCUR |d 2019-11-21 |i 4121139 |o 410 SAU 2004 |p 4121139 |r 2025-04-22 |w 2019-11-21 |y BK |k MGC | ||
| 952 | |0 0 |1 0 |4 0 |6 410_000000000000000_SAU_2004 |7 0 |8 A |9 381427 |a FDOPOS |b FDOPOS |d 2019-11-21 |i 4135598 |o 410 SAU 2004 |p 4135598 |r 2025-01-22 |w 2019-11-21 |y BK |k MLA | ||
| 952 | |0 0 |1 0 |4 0 |6 410_000000000000000_SAU_2004 |7 0 |8 A |9 381428 |a FDOPOS |b FDOPOS |d 2019-11-21 |i 4375580 |o 410 SAU 2004 |p 4375580 |r 2025-01-22 |w 2019-11-21 |y BK |k MLA | ||